00421nam a2200133 a 450000500170000000800410001702000180005805000260007624500610010226000590016330000100022244000320023265000230026420140412111245.0010328s19uu xx 00 eng d a0-86734-036-3 aTR(GS 372.4bREA 1983 aReading workbook, 2nd grade :bfor parents and teachers. aCalifornia :bFrank Schaffer Publications, Inc,c1983. a48 p. aBasic Learning Series, Bk.3 aReading, 2nd Grade